| 000 | 01225cam a2200229 4500 | ||
|---|---|---|---|
| 008 | 090401t1992 xxu||||| |||| 00| 0 eng d | ||
| 020 | _a0854065342 | ||
| 035 | _a(Sirsi) u55472 | ||
| 041 | _aeng | ||
| 050 | _a332.6324 | ||
| 110 |
_aSociety of Property Researchers _923 |
||
| 245 | _aProperty in a portfolio context: papers presented at a series of technical seminars held by the Society of Property Researchers and the Royal Institution of Chartered Surveyors in Spring 1991. | ||
| 260 |
_aLondon _bRICS _c1992 |
||
| 300 | _ai,68p. ; 30cm. | ||
| 350 | _a7.95 | ||
| 520 | _aPapers :- Emerging concepts for the management of portfolios and the role of research/ LEE, STEPHEN - Modern portfolio theory: fact and fantasy/ BARBER, COLIN - The risk of property investment/ RODNEY, WILLIAM & RYDIN, YVONNE - Risk management in investment property portfolios/ CULLEN, IAN - Real estate portfolio management: from theory to practice/ HUDSON-WILSON, SUSAN , edited by Colin Lizieri and John Gellatly. | ||
| 650 | _aPROPERTY INVESTMENT | ||
| 690 | _aPROPERTY-COMMERCIAL PROPERTY-COMMERCIAL PROPERTY FINANCE AND INVESTMENT | ||
| 710 |
_aRoyal Institution of Chartered Surveyors _94900 |
||
| 942 | _n0 | ||
| 948 | _c04/03/1997 | ||
| 999 |
_c93615 _d93615 |
||